| 000 | 00439nam a22001817a 4500 | ||
|---|---|---|---|
| 003 | MPLRDC | ||
| 005 | 20220104124321.0 | ||
| 008 | 210129b ||||| |||| 00| 0 eng d | ||
| 020 | _a7-80603-769-1 | ||
| 082 | _a855 ZJK | ||
| 100 | _a赵继康 | ||
| 245 |
_a吃遍天下 _c |
||
| 250 | _a一版一刷 | ||
| 260 |
_a中国 _b山东画报出版社 _c2003 |
||
| 300 | _b140 | ||
| 650 | _a散文;随笔、日记 | ||
| 942 |
_cBK _o855 ZJK |
||
| 999 |
_c18375 _d18365 |
||